000
00291nam a2200121Ia 4500
008
190216s9999||||xx |||||||||||||| ||und||
100
_a
Anilchandra Takoor
245
0
_a
Hindi - Anatha Kaham Sukh Pavai
260
_b
Yara Publication
_c
2008
300
_a
104
650
_a
Hindi
942
_c
BK
999
_c
16488
_d
16488